Pravděpodobnost
Salvato in:
| Autore principale: | |
|---|---|
| Natura: | Libro |
| Lingua: | ceco |
| Pubblicazione: |
[Praha]
Professional Publishing
2024
|
| Edizione: | 2. vydání |
| Soggetti: | |
| Tags: |
Nessun Tag, puoi essere il primo ad aggiungerne!!
|
MARC
| LEADER | 00000nam a2200000 4500 | ||
|---|---|---|---|
| 001 | 0307179 | ||
| 005 | 20250414112506.1 | ||
| 020 | |a 978-80-88260-69-1 | ||
| 041 | 0 | |a cze | |
| 044 | |a CZ | ||
| 245 | 1 | 0 | |a Pravděpodobnost |c Luboš Marek |
| 250 | |a 2. vydání | ||
| 264 | 1 | |a [Praha] |b Professional Publishing |c 2024 | |
| 300 | |a 248 s. | ||
| 610 | 2 | 0 | |a pravdepodobnosť |
| 610 | 2 | 0 | |a teória pravdepodobnosti |
| 610 | 2 | 0 | |a štatistika |
| 100 | 1 | |a Marek, Luboš | |